000 nam a22 7a 4500
999 _c129646
_d129646
008 190523b xxu||||| |||| 00| 0 eng d
020 _a9781780723686
050 _aDT2996.R725 2019
100 _aRogers, Douglas
_946516
245 _aTwo weeks in November
_bthe astonishing untold story of the operation that toppled Mugabe
_cDouglas Rogers
260 _aLondon
_bShort Books
_c2019
300 _a283p. ;
_c22cm.
651 _aZimbabwe
_xPolitics
_y1980-
_943106
651 _aZimbabwe
_xCoup 2018
_946517
942 _2lcc
_cMONOGRAPH